The true history of the Church of Scotland, from the beginning of the reformation, unto the end of the reigne of King James VI : wherein besides some touches of the civil state and alteration of affaires, in their due order, there is not only a series of the assemblies, and of the principal of their actings recorded, but also a full and plaine relation of the trials and troubles, which the church did meet with from enemies to the purity of her doctrine, worship, discipline and government ... /

Bibliographic Details
Main Author: Calderwood, David, 1575-1650
Format: Microform Book
Language:English
Published: [Edinburgh?] : [publisher not identified], 1678.
Series:Early English books, 1641-1700 ; 911:1.
Subjects:

MARC

Tag First Indicator Second Indicator Subfields
LEADER 00000cam a2200000 a 4500
001 in00000954613
005 20150927074927.0
007 hd afv|||baca
008 850711s1678 miu a 00010 eng d
035 |a (OCoLC)12256099 
035 |9 AEV5030AM 
037 |a CL0037000029  |b UMI 
037 |b University Microfilms International, 300 N. Zeeb Rd., Ann Arbor, MI 48106 
040 |a EAA  |c EAA  |d m/c  |d UtOrBLW 
049 |a TXAI 
099 |a film   |a  B   |a  3609 
100 1 |a Calderwood, David,  |d 1575-1650. 
245 1 4 |a The true history of the Church of Scotland, from the beginning of the reformation, unto the end of the reigne of King James VI :  |b wherein besides some touches of the civil state and alteration of affaires, in their due order, there is not only a series of the assemblies, and of the principal of their actings recorded, but also a full and plaine relation of the trials and troubles, which the church did meet with from enemies to the purity of her doctrine, worship, discipline and government ... /  |c written by ... Mr. David Calderwood ... 
264 1 |a [Edinburgh?] :  |b [publisher not identified],  |c 1678. 
300 |a 8 unnumbered pages, 839 pages 
336 |a text  |b txt  |2 rdacontent 
337 |a microform  |b h  |2 rdamedia 
338 |a microfilm reel  |b hd  |2 rdacarrier 
500 |a Reproduction of original in Union Theological Seminary Library, New York. 
500 |a Errata: page 839. 
510 4 |a Wing  |c C279 
533 |a Microfilm.  |b Ann Arbor, Mich. :  |c University Microfilms International,  |d 1978.  |e 1 microfilm reel ; 35 mm.  |f (Early English books, 1641-1700 ; 911:1) 
500 |a Microform. 
610 2 0 |a Church of Scotland  |x History. 
830 0 |a Early English books, 1641-1700 ;  |v 911:1. 
999 |a MARS 
999 f f |s 523fa73c-c1cf-3176-b1a0-71711d3d8a6f  |i d71529cb-5572-3999-81f6-d695fd94ddf6  |t 0 
952 f f |p default  |a Texas A&M University  |b College Station  |c Sterling C. Evans Library  |d Evans: Microforms (3rd floor)  |t 0  |e film B 3609 911:1  |h Other scheme  |i microform -- microfilm reel 
998 f f |a film B 3609 911:1  |t 0  |l Evans: Microforms (3rd floor)